Statistics for German nouns (ITA to GER)

Click here to take the quiz!

General Stats

  • This quiz has been taken 12 times
  • The average score is 24 of 110

Answer Stats

HintAnswer% Correct
lagoder See
57%
tavoloder Tisch
57%
verduradie Gemüse
57%
birradas Bier
43%
immaginedas Bild
43%
soldidas Geld
43%
casadas Haus
43%
annodas Jahr
43%
fruttadas Obst
43%
letterader Buchstabe
43%
seteder Durst
43%
fameder Hunger
43%
posto/piazzader Platz
43%
donnadie Frau
43%
lattedie Milch
43%
nottedie Nacht
43%
cittàdie Stadt
43%
oradie Stunde
43%
cenadas Abendessen
29%
lettodas Bett
29%
panedas Brot
29%
uovodas Ei
29%
cinemadas Kino
29%
dottoreder Artz
29%
mestiereder Beruf
29%
letterader Brief
29%
gelatoder Eis
29%
amicoder Freund
29%
cameriereder Kellner
29%
bacioder Kuss
29%
uomoder Mann
29%
personader Mensch
29%
meseder Monat
29%
professoreder Professor
29%
armadioder Schrank
29%
figlioder Sohn
29%
lavorodie Arbeit
29%
gentedie Leute
29%
possibilitàdie Möglichkeit
29%
numerodie Nummer / die Zahl
29%
scuoladie Schule
29%
figliadie Tochter
29%
settimanadie Woche
29%
etàdas Alter
14%
bagnodas Bad
14%
paninodas Brötchen
14%
colazionedas Frühstück
14%
negozio/affaridas Geschäft
14%
facciadas Gesicht
14%
bevandadas Getränk
14%
coltellodas Messer
14%
pranzodas Mittagessen
14%
cavallodas Pferd
14%
paninodas Sandwich
14%
fazzolettodas Taschentuch
14%
salottodas Wohnzimmer
14%
stanzadas Zimmer
14%
avvocatoder Anwalt
14%
montagnader Berg
14%
saccoder Beutel
14%
giovedìder Donnerstag
14%
primaverader Frühling
14%
salutoder Gruss
14%
autunnoder Herbst
14%
formaggioder Käse
14%
valigiader Koffer
14%
granchioder Krabbe
14%
cucinader Küche
14%
mercoledìder Mittwoch
14%
lunader Mond
14%
mattinoder Morgen
14%
gonnader Rock
14%
succoder Saft
14%
insalatader Salat
14%
neveder Schnee
14%
estateder Sommer
14%
appuntamentoder Termin
14%
invernoder Winter
14%
trenoder Zug
14%
panetteriadie Bäckerei
14%
compleannodie Geburtstag
14%
fratellidie Geschwister
14%
capitaledie Haupstadt
14%
piatto principaledie Hauptspeise
14%
centro cittàdie Innenstadt
14%
intelligenzadie Klugheit
14%
topodie Maus
14%
messaggiodie Nachricht
14%
contodie Rechnung
14%
viaggiodie Reise
14%
tartarugadie Schildkröte
14%
serpentedie Schlange
14%
riunionedie Sitzung
14%
soledie Sonne
14%
antipastodie Vorspeise
14%
appartamentodie Wohnung
14%
salamedie Wurst
14%
conigliodas Kaninchen
0%
stazioneder Banhof
0%
cuffieder Kopfhörer
0%
cucchiaioder Loffel
0%
pioggiader Regen
0%
chiaveder Schlüssel
0%
libreriadie Bückerei
0%
forchettadie Gabel
0%
societàdie Gessellschaft
0%
collanadie Kette
0%
dolcedie Nachtisch
0%

Score Distribution

Percentile by Number Answered

Percent of People with Each Score

Your Score History

You have not taken this quiz